Prize winning essays (senior) (Record no. 133389)

MARC details
000 -LEADER
fixed length control field 00465nam a2200193Ia 4500
008 - FIXED-LENGTH DATA ELEMENTS--GENERAL INFORMATION
fixed length control field 210210b1998 xxu||||| |||| 00| 0 eng d
041 ## - LANGUAGE CODE
Language code of text/sound track or separate title eng
082 ## - DEWEY DECIMAL CLASSIFICATION NUMBER
Classification number 824 COMP
100 ## - MAIN ENTRY--PERSONAL NAME
Personal name COMPETITION SUCCESS review
245 ## - TITLE STATEMENT
Title Prize winning essays (senior)
260 ## - PUBLICATION, DISTRIBUTION, ETC.
Place of publication, distribution, etc. ND
Name of publisher, distributor, etc. Sudha Publications Pvt. Ltd.
Date of publication, distribution, etc. 1998
300 ## - PHYSICAL DESCRIPTION
Extent 159
650 ## - SUBJECT ADDED ENTRY--TOPICAL TERM
Topical term or geographic name entry element winning
650 ## - SUBJECT ADDED ENTRY--TOPICAL TERM
Topical term or geographic name entry element Prize
650 ## - SUBJECT ADDED ENTRY--TOPICAL TERM
Topical term or geographic name entry element essays
650 ## - SUBJECT ADDED ENTRY--TOPICAL TERM
Topical term or geographic name entry element (senior)
690 ## - LOCAL SUBJECT ADDED ENTRY--TOPICAL TERM (OCLC, RLIN)
Topical term or geographic name as entry element English Prose
906 ## - LOCAL DATA ELEMENT F, LDF (RLIN)
a 052809
Holdings
Withdrawn status Lost status Damaged status Not for loan Collection code Home library Current library Date acquired Cost, normal purchase price Total Checkouts Full call number Barcode Date last seen Price effective from Koha item type
          St Aloysius Library St Aloysius Library 02/17/2021 30.00   824 COMP 052809 02/17/2021 02/17/2021 Book